Statistics for Obscure towns and cities

Click here to take the quiz!

General Stats

  • This quiz has been taken 23 times
  • The average score is 7 of 20

Answer Stats

City/TownCountry% Correct
San Pedro de AtacamaChile
86%
IndoreIndia
71%
PalembangIndonesia
67%
MatamorosMexico
52%
GujranwalaPakistan
52%
TobrukLibya
48%
Rock IslandUSA
48%
FremantleAustralia
43%
ZenicaBosnia and Herzegovina
33%
HurghadaEgypt
33%
Mazar-e-SharifAfghanistan
29%
LubangoAngola
29%
OlomoucCzech Republic
29%
ElblągPoland
24%
KirriemuirUnited Kingdom
24%
ArlonBelgium
10%
ManresaSpain
10%
MaraussanFrance
5%
LadyvilleBelize
0%
TrincityTrinidad and Tobago
0%

Score Distribution

Percentile by Number Answered

Percent of People with Each Score

Your Score History

You have not taken this quiz